| 000 | 00598nam a2200217 i 4500 | ||
|---|---|---|---|
| 001 | 17378 | ||
| 003 | ES-MaACL | ||
| 005 | 20230906151551.0 | ||
| 007 | t| | ||
| 008 | 010226s2000 sp ||||1| spa d | ||
| 020 | _a84-95289-08-3 | ||
| 080 | _a821.134.4-14"19" | ||
| 100 | 1 |
_aDacosta, Marta. _942417 |
|
| 245 | 1 | 0 |
_aEn atalaia alerta / _cMarta Dacosta. |
| 260 |
_aFerrol : _bSociedad Cultural Valle-Inclán, _c[2000] |
||
| 300 |
_a66 p. ; _c21 cm. |
||
| 490 | 1 |
_aEsquío ; _v79 b |
|
| 830 | 0 |
_aEsquío ; _v79 b _9180295 |
|
| 852 |
_aES-MaACL _jL-24418 _bR.128349 |
||
| 999 |
_c17378 _d17378 |
||